000
00317nmm a2200145 a 4500
003
AR-BaBNM
005
20251128203134.0
008
034019s1947 ||||||||||||||000 | spa||
040
_c
AR-BaBNM
100
1
_a
Kunin, K.
245
1
0
_a
Magallanes
260
_a
[S.l.]
_b
Partenon
_c
1947
942
_c
BK
998
_c
Jacobzon
999
_c
2078
_d
2078